000 01562nam a2200433Ii 4500
001 DIGICB0060
003 NyNyDIG
006 m o d
007 cr |||||||||||
008 220814s2015 sp a ob 000 0 spa d
035 _a(OCoLC)1350507801
040 _aDGITA
_beng
_erda
_epn
_cDGITA
020 _a9788490216774
_qpdf
020 _z9788490214220
050 1 4 _aHF5547 ebook
082 0 4 _a651
245 0 0 _aTécnicas administrativas de oficina /
_ccoordinadora de la obra, Ma. Dolores Pérez Rodríguez.
250 _a2a. edición.
264 1 _aMálaga, España :
_bICB Editores,
_c[2015]
300 _a1 online resource :
_billustrations.
336 _atext
_btxt
_2rdacontent
337 _acomputer
_bc
_2rdamedia
338 _aonline resource
_bcr
_2rdacarrier
347 _atext file
_2rdaft
347 _bPDF
500 _a"Incluye solucionario"--Cover.
504 _aIncludes bibliographical references.
588 0 _aOnline resource; title from PDF title page (Digitalia, viewed August 14, 2022)
650 0 _aOffice management.
650 0 _aOffice practice.
655 0 _aElectronic books.
700 1 _aPérez Rodríguez, Ma. Dolores,
_eeditor.
791 2 _aDigitalia (Firm),
_edistributor.
793 0 _gDigitalia eBook Collection:
_aICB Editores
776 0 8 _iPrint version:
_tTécnicas administrativas de oficina.
_dMálaga, España : ICB Editores, [2015]
_z9788490214220
856 4 0 _3Digitalia Hispánica
_uhttps://www.digitaliapublishing.com/a/109204/
910 _aPremium collection: 2022
942 _cRAA
999 _c271802
_d271802